Statistics for NBA Sixth Man Of The Year Award Winners

Click here to take the quiz!

General Stats

  • This quiz has been taken 2,351 times
  • The average score is 5 of 30

Answer Stats

YearPlayer% Correct
2010Jamal Crawford
72%
2008Manu Ginobili
42%
2012James Harden
41%
1997John Starks
26%
1985Kevin McHale
23%
1984Kevin McHale
23%
1996Toni Kukoč
23%
2011Lamar Odom
20%
2009Jason Terry
19%
1989Eddie Johnson
17%
1986Bill Walton
13%
2006Mike Miller
13%
2005Ben Gordon
12%
2003Bobby Jackson
12%
1983Bobby Jones
12%
1994Dell Curry
11%
2007Leandro Barbosa
11%
1993Cliff Robinson
10%
1992Detlef Schrempf
10%
1991Detlef Schrempf
10%
2001Aaron McKie
8%
1990Ricky Pierce
8%
1987Ricky Pierce
8%
1995Anthony Mason
6%
2004Antawn Jamison
5%
2002Corliss Williamson
5%
1999Darrell Armstrong
5%
1998Danny Manning
4%
2000Rodney Rogers
4%
1988Roy Tarpley
4%

Score Distribution

Percentile by Number Answered

Percent of People with Each Score

Your Score History

You have not taken this quiz